000 01533nam a22003857a 4500
001 0006748
003 KOHA_MİRAKIL
005 20260207001533.0
007 ta
008 090819b2000 tu |||gr||||#0|||0|eng |
020 _a9751612284
_q(Tk) 9751612330
_q(c.4)
_c0,01
040 _aTR-BiSEU
_btur
_cTR-BiSEU
_erda
041 0 _aeng
044 _ctu
050 _aDR576
_b.S53 2000
100 1 _aShaw, Stanford J.
_q(Stanford Jay).
245 1 _aFrom empire to republic :
_bthe Turkish war of national liberation, 1918-1923 :
_ba documentary study :
_bfinal victory :
_bemergence of the Turkish Republic 1922-1923/
_cStanford J. (Stanford Jay) Shaw ; Stanford J. Shaw; reporter Fahir Armaoğlu.
264 1 _aAnkara :
_bAtatürk, Kültür, Dil ve Tarih Yüksek Kurumu Türk Tarih Kurumu
_c2000
300 _a5 c.: resimli
336 _ametin
_btxt
_2rdacontent
337 _aaracısız
_bn
_2rdamedia
338 _acilt
_bnc
_2rdacarrier
490 1 _aAtatürk, Kültür, Dil ve Tarih Yüksek Kurumu Türk Tarih Kurumu.
490 1 _aSeri XVI ;
_vno.
490 1 _a84D
650 0 _aTurkey--History--Revolution, 1918-1923.
_910129
650 0 _aKurtuluş Savaşı, 1918-1923.
_94932
650 0 _aTurkey--History--Ottoman Empire, 1288-1918.
_94433
650 0 _aTürkiye--Tarih--Osmanlı İmparatorluğu, 1288-1918.
_912229
830 1 _aAtatürk, Kültür, Dil ve Tarih Yüksek Kurumu Türk Tarih Kurumu.
_916664
830 1 _aSeri XVI ;
_vno.
_916665
830 1 _a84D
_916668
907 _aTarih
942 _2lcc
_cBK
999 _c6729
_d6729